|
|
|
|
| LEADER |
00000nam0a2200000 4500 |
| 001 |
107542 |
| 005 |
20231101214734.0 |
| 010 |
|
|
|a 5769527226
|
| 035 |
|
|
|a (RuTPU)RU\TPU\book\116102
|
| 090 |
|
|
|a 107542
|
| 100 |
|
|
|a 20061226d2006 m y0rusy50 ca
|
| 101 |
0 |
|
|a rus
|
| 102 |
|
|
|a RU
|
| 105 |
|
|
|a a j 001zy
|
| 200 |
1 |
|
|a Экологическая химия
|e учебник
|f Л. С. Астафьева
|
| 210 |
|
|
|a Москва
|c Академия
|d 2006
|
| 215 |
|
|
|a 224 с.
|c ил.
|
| 225 |
1 |
|
|a Среднее профессиональное образование. Общепрофессиональные дисциплины
|
| 320 |
|
|
|a Словарь терминов: с. 212-214.
|
| 320 |
|
|
|a Библиография: с. 219-221.
|
| 330 |
|
|
|a В учебнике рассмотрены биохимические функции и токсические свойства химических элементов и их неорганических и органических соединений. Особое внимание уделено миграции химических элементов и их соединений в природной среде и организме человека. Дано представление о химических процессах в окружающей среде. Проанализированы основные экологические проблемы и пути их решения. Для студентов средних профессиональных учебных заведений. Может быть полезен студентам, специализирующимся в области охраны окружающей среды и рационального использования природных ресурсов.
|
| 606 |
|
|
|a Химическая экология
|2 stltpush
|3 (RuTPU)RU\TPU\subj\39145
|9 59337
|
| 610 |
1 |
|
|a экологическая химия
|
| 610 |
1 |
|
|a химические элементы
|
| 610 |
1 |
|
|a химические соединения
|
| 610 |
1 |
|
|a экологические свойства
|
| 610 |
1 |
|
|a токсические свойства
|
| 610 |
1 |
|
|a неорганические соединения
|
| 610 |
1 |
|
|a органические соединения
|
| 610 |
1 |
|
|a атмосфера
|
| 610 |
1 |
|
|a гидросфера
|
| 610 |
1 |
|
|a литосфера
|
| 610 |
1 |
|
|a биосфера
|
| 610 |
1 |
|
|a ноосфера
|
| 610 |
1 |
|
|a экологические проблемы
|
| 610 |
1 |
|
|a учебники
|
| 675 |
|
|
|a 504.05(075)
|v 3
|
| 700 |
|
1 |
|a Астафьева
|b Л. С.
|g Людмила Сергеевна
|
| 801 |
|
1 |
|a RU
|b 63413507
|c 20061226
|g PSBO
|
| 801 |
|
2 |
|a RU
|b 63413507
|c 20180212
|g PSBO
|
| 942 |
|
|
|c BK
|